000 00492nam a2200169 4500
001 137059
003 ES-MaACL
005 20230906195311.0
007 t|
008 070214s1951 sp r ||||1| spa d
100 1 _aSainz, Rufo.
_9101573
245 1 0 _aQuesería moderna
_b: fabricación de quesos de todas clases /
_cRufo Sainz.
250 _a2ª. ed. rev. y ampl.
260 _aBarcelona :
_bOssó,
_c1951.
300 _a277 p. :
_bil. ;
_c20 cm.
852 _aES-MaACL
_jD-5475
_bR.30663
999 _c137059
_d137059